| 000 | 00973nam a2200337 a 4500 | ||
|---|---|---|---|
| 003 | AR-BaBNM | ||
| 005 | 20251128210801.0 | ||
| 008 | 082120s2002 ||||||||||||||000 | spa|| | ||
| 020 | _a987-98034-0-X | ||
| 040 | _cAR-BaBNM | ||
| 100 | 1 | _aGarcía, Silvia P. | |
| 245 | 0 | 0 |
_aCuentos de las tres abuelas _bnarrativa de Antofagasta de la Sierra |
| 260 |
_aBuenos Aires _bUnesco _c2000 |
||
| 300 |
_a238 p. _bil., láms. |
||
| 490 | 0 | _aProyecto de las Américas. Educación para los Derechos Humanos y Cultura de Paz | |
| 500 | _aContiene glosario | ||
| 500 | _aReferencias bibliográficas | ||
| 650 | 4 | _aLITERATURA ARGENTINA | |
| 650 | 4 | _aANTOLOGIAS | |
| 650 | 4 | _aTRADICION ORAL | |
| 650 | 4 | _aCOSTUMBRES Y TRADICIONES | |
| 650 | 4 | _aLITERATURA FOLKLORICA | |
| 650 | 4 | _aFOLKLORE | |
| 650 | 4 | _aLEYENDAS | |
| 650 | 4 | _aLITERATURA POPULAR | |
| 653 | _aNARRATIVA | ||
| 655 | _aLITERATURA | ||
| 700 | 1 | _aRolandi, Diana S. | |
| 942 | _cBK | ||
| 998 | _cMARTIN | ||
| 999 |
_c16889 _d16889 |
||